Il secolo dei nonni (Record no. 210376)
[ view plain ]
| 000 -LEADER | |
|---|---|
| fixed length control field | 00874nam a2200217Ia 4500 |
| 001 - CONTROL NUMBER | |
| control field | b6648-47800 |
| 003 - CONTROL NUMBER IDENTIFIER | |
| control field | IT-MiCISF |
| 008 - FIXED-LENGTH DATA ELEMENTS--GENERAL INFORMATION | |
| fixed length control field | 161014s9999||||xx |||||||||||||| ||und|| |
| 040 ## - CATALOGING SOURCE | |
| Original cataloging agency | IT-MiCISF |
| Transcribing agency | IT-MiCISF |
| 041 ## - LANGUAGE CODE | |
| Language code of text/sound track or separate title | it |
| 999 ## - SYSTEM CONTROL NUMBERS (KOHA) | |
| Koha Dewey Subclass [OBSOLETE] | si |
| 100 ## - MAIN ENTRY--PERSONAL NAME | |
| Personal name | Attias-Donfut Claudine (a cura di) |
| 245 #0 - TITLE STATEMENT | |
| Title | Il secolo dei nonni |
| Remainder of title | La rivalutazione di un ruolo |
| 250 ## - EDITION STATEMENT | |
| Edition statement | 1a ed. |
| 260 ## - PUBLICATION, DISTRIBUTION, ETC. (IMPRINT) | |
| Place of publication, distribution, etc. | Roma |
| Name of publisher, distributor, etc. | Armando |
| Date of publication, distribution, etc. | 2005 [Edizione originale: 2001] |
| 300 ## - PHYSICAL DESCRIPTION | |
| Extent | pp. 175 |
| 500 ## - GENERAL NOTE | |
| General note | Perrot M., Attias-Donfut C., Segalen M., Renard P., Tobio C., Herlyn I., Gessat-Anstett E., Capo Zmegac J., Hawker S., Allan G., Crow G., Dench G., Ogg J., Drew L.M., Smith P.K., Raveis V.H., Burnette D., Uhlenberg P. / rapporti-nonni-nipoti, società, rapporti-intergenerazionali, esperienze / |
| 650 ## - SUBJECT ADDED ENTRY--TOPICAL TERM | |
| Topical term or geographic name as entry element | famiglia |
| 700 ## - ADDED ENTRY--PERSONAL NAME | |
| Personal name | Segalen Martine (a cura di) |
| 942 ## - ADDED ENTRY ELEMENTS (KOHA) | |
| Koha item type | LIBRO |
| 957 ## - | |
| -- | 1 |
| 999 ## - SYSTEM CONTROL NUMBERS (KOHA) | |
| -- | 1 |
| Withdrawn status | Lost status | Damaged status | Not for loan | Home library | Current library | Date acquired | Total Checkouts | Full call number | Date last seen | Price effective from | Koha item type | Public note |
|---|---|---|---|---|---|---|---|---|---|---|---|---|
| Buone Condizioni | Not For Loan | CISF - Milano | CISF - Milano | 14/10/2016 | b6648-47800 | 14/10/2016 | 14/10/2016 | LIBRO | Data import 15.10.2016 / by Epidotti, Vaglietti |